00877cam a22002651 4500001001300000003000400013005001700017008004100034010001700075025001900092035002000111040001900131042001200150050002000162100004100182245012200223250002900345260004500374300002900419504002700448651004000475700003900515700004000554999001700594sa 65006557 DLC20260227112143.0970513s1964 ii b 000 0 eng  asa 65006557  aPL480:I-E-4235 a(OCoLC)36894906 aDLCcNSyUdDLC apremarc00aHC253b.C4 19641 aChakrabarti, Samiran Chandra,d1940-10aEconomic development of Great Britain,cby Sudhindra Chandra Chakrabarti, Kunja Bihari Kundu [and] Madan Mohan Patra. a[2d ed. thoroughly rev.] aCalcutta,bNababharat Publishersc[1964] axii, 163, [1] p.c23 cm. aBibliography: p. [164] 0aGreat BritainxEconomic conditions.1 aPatra, Madan Mohan,ejoint author.1 aKundu, Kunja Bihari,ejoint author. c64716d64716